LEADER 01173nam0-22002891i-450- 001 990006251380403321 005 19980601 035 $a000625138 035 $aFED01000625138 035 $a(Aleph)000625138FED01 035 $a000625138 100 $a19980601d1941----km-y0itay50------ba 105 $a--------00-yy 200 1 $aPer l'inaugurazione della nuova sede della Reale Accademia presente la Eccellenza il prof. Riccardo Del Giudice sottosegretario alla Educazione Nazionale$fdiscorsi di R. Balli e Riccardo DelGiudice. 210 $aModena$cSoc. Tip. Modenese$d1941 215 $a10 p.$d24 cm 463 $d$1200$a"Atti e Memorie della R. Accademia di Scienze, Lettere ed Arti di Modena", Serie V, Volume V 676 $a808.85 710 0 $aREALE ACCADEMIA DI SCIENZE, LETTERE ED ARTI MODENA$0406845 801 0$aIT$bUNINA$gRICA$2UNIMARC 901 $aBK 912 $a990006251380403321 952 $aB.SOL.BUS. A 210$b64375$fFGBC 959 $aFGBC 996 $aPer l'inaugurazione della nuova sede della Reale Accademia presente la Eccellenza il prof. Riccardo Del Giudice sottosegretario alla Educazione Nazionale$9639290 997 $aUNINA DB $aGIU01 LEADER 01144nam a2200313 i 4500 001 991000845299707536 005 20020507174415.0 008 950721s1980 us ||| | eng 020 $a0486640388 035 $ab10765347-39ule_inst 035 $aLE01303206$9ExL 040 $aDip.to Matematica$beng 082 0 $a530.141 084 $aAMS 78-01 100 1 $aBarut, Asim O.$0462090 245 10$aElectrodynamics and classical theory of fields & particles /$cA. O. Barut 260 $aNew York :$bDover,$c1980 300 $axv, 235 p. :$bill. ;$c21 cm. 500 $aIncludes bibliographies and indexes. 500 $aReprint. Originally published: New York : Macmillan, 1964 650 4$aParticles 650 4$aQuantum electrodynamics 650 4$aQuantum field theory 907 $a.b10765347$b21-09-06$c28-06-02 912 $a991000845299707536 945 $aLE013 78-XX BAR11 (1964)$g1$i2013000033044$lle013$o-$pE0.00$q-$rl$s- $t0$u2$v0$w2$x0$y.i10860927$z28-06-02 996 $aElectrodynamics and classical theory of fields & particles$9923447 997 $aUNISALENTO 998 $ale013$b01-01-95$cm$da $e-$feng$gus $h0$i1